City jobs to rise (Record no. 54774)

MARC details
000 -LEADER
fixed length control field 00787cab a2200265 4500
001 - CONTROL NUMBER
control field WB3424-04
008 - FIXED-LENGTH DATA ELEMENTS--GENERAL INFORMATION
fixed length control field 090401t1998 xxu||||| |||| 00| 0 eng d
035 ## - SYSTEM CONTROL NUMBER
System control number (Sirsi) u86971
041 ## - LANGUAGE CODE
Language code of text/sound track or separate title eng
245 ## - TITLE STATEMENT
Title City jobs to rise
260 ## - PUBLICATION, DISTRIBUTION, ETC.
Date of publication, distribution, etc. 1998
350 ## - PRICE (NR) (BK AM CF MU VM SE) [OBSOLETE]
Price 0
490 ## - SERIES STATEMENT
Series statement Times
Volume/sequential designation 22 June 1998, 52(1)
520 ## - SUMMARY, ETC.
Summary, etc. A report commissioned by the Corporation of London forecasts that a further 100,000 people will be working in the City of London and the financial services industry by 2015.
650 ## - SUBJECT ADDED ENTRY--TOPICAL TERM
Topical term or geographic name entry element CITY OF LONDON
650 ## - SUBJECT ADDED ENTRY--TOPICAL TERM
Topical term or geographic name entry element CORPORATION OF LONDON
650 ## - SUBJECT ADDED ENTRY--TOPICAL TERM
Topical term or geographic name entry element EMPLOYMENT
650 ## - SUBJECT ADDED ENTRY--TOPICAL TERM
Topical term or geographic name entry element FINANCIAL SERVICES INDUSTRY
650 ## - SUBJECT ADDED ENTRY--TOPICAL TERM
Topical term or geographic name entry element FORECASTS
650 ## - SUBJECT ADDED ENTRY--TOPICAL TERM
Topical term or geographic name entry element JOBS
650 ## - SUBJECT ADDED ENTRY--TOPICAL TERM
Topical term or geographic name entry element LONDON
690 ## - LOCAL SUBJECT ADDED ENTRY--TOPICAL TERM (OCLC, RLIN)
Topical term or geographic name as entry element PROPERTY-COMMERCIAL PROPERTY
942 ## - ADDED ENTRY ELEMENTS (KOHA)
Suppress in OPAC 0
948 ## - LOCAL PROCESSING INFORMATION (OCLC); SERIES PART DESIGNATOR (RLIN)
c (OCLC) 23/06/1998
Holdings
Withdrawn status Lost status Source of classification or shelving scheme Damaged status Not for loan Home library Current library Shelving location Date acquired Total Checkouts Full call number Barcode Date last seen Copy number Price effective from Koha item type
    Dewey Decimal Classification     London London News article 14/09/1999   WB3424-04 86971-1001 06/08/2019 1 06/08/2019 News article